[Event "ITA-ch (Women) 33rd"]
[Site "Bratto"]
[Date "2006.08.22"]
[Round "4"]
[White "Zanaboni, Alessandra"]
[Black "Mosca, Giulia"]
[Result "1-0"]
[WhiteElo "1617"]
[BlackElo "1563"]
[PlyCount "43"]
[EventDate "2006.08.19"]
[EventType "swiss"]
[EventRounds "9"]
[EventCountry "ITA"]
[SourceTitle "CBM 113 Extra"]
[Source "ChessBase"]
[SourceDate "2006.09.14"]
[SourceVersion "1"]
[SourceVersionDate "2006.09.14"]
[SourceQuality "1"]

1. e4 c6 2. d4 d5 3. exd5 cxd5 4. Bd3 Nc6 5. c3 Nf6 6. Bf4 g6 7. Nf3 Bg7 8. 0-0 0-0 9. Nbd2 Bf5 10. Bxf5 gxf5 11. Nh4 e6 12. Qf3 Kh8 13. Qh3 Rg8 14. Rae1 b5 15. Rxe6 Qd7 16. Rd6 Qc8 17. Qxf5 Qxf5 18. Nxf5 Nd8 19. Nxg7 Kxg7 20. Be5 Ne6 21. Rxd5 a6 22. Ne4 1-0

[Event "ITA-ch (Women) 33rd"]
[Site "Bratto"]
[Date "2006.08.19"]
[Round "1"]
[White "Mosca, Giulia"]
[Black "Fittante, Giuliana"]
[Result "1-0"]
[WhiteElo "1563"]
[BlackElo "1883"]
[PlyCount "143"]
[EventDate "2006.08.19"]
[EventType "swiss"]
[EventRounds "9"]
[EventCountry "ITA"]
[SourceTitle "CBM 113 Extra"]
[Source "ChessBase"]
[SourceDate "2006.09.14"]
[SourceVersion "1"]
[SourceVersionDate "2006.09.14"]
[SourceQuality "1"]

1. e4 Nf6 2. Nc3 d5 3. e5 d4 4. exf6 dxc3 5. fxg7 cxd2+ 6. Qxd2 Qxd2+ 7. Bxd2 Bxg7 8. 0-0-0 Bf5 9. Ne2 Nd7 10. Bc3 e5 11. Ng3 Bg6 12. Bd3 0-0-0 13. Rhe1 Rhe8 14. Bf5 Bh6+ 15. Bd2 Bg7 16. Bc3 f6 17. Kb1 Bf8 18. Re2 Bd6 19. Red2 Kb8 20. Bxg6 hxg6 21. Ne4 Re6 22. Nxd6 Rxd6 23. Rxd6 cxd6 24. Rxd6 Kc7 25. Rd2 Rh8 26. h3 Nc5 27. f3 Rh4 28. a3 Rf4 29. Bb4 Ne6 30. Bd6+ Kc6 31. Be7 Nd4 32. c3 Nb5 33. Bf8 Kc7 34. Bh6 g5 35. Bf8 b6 36. Rd3 e4 37. fxe4 Rxe4 38. Rf3 Re1+ 39. Ka2 Re2 40. g4 Rh2 41. Be7 Re2 42. Bxf6 Nd6 43. Kb3 Ne4 44. Rf5 Re3 45. Bxg5 Rxh3 46. Bf4+ Kc6 47. Re5 Nc5+ 48. Ka2 Nd3 49. Re6+ Kb5 50. Bb8 Rh7 51. g5 Rg7 52. g6 Kc4 53. Bd6 Kd5 54. Rf6 Ne5 55. Bxe5 Kxe5 56. Rf7 Rxg6 57. Rxa7 Kd5 58. a4 Rg4 59. Kb3 Kc6 60. a5 bxa5 61. Rxa5 Kb6 62. Ra4 Rg5 63. Ka3 Rg3 64. Rc4 Kb5 65. Rc8 Rg4 66. c4+ Rxc4 67. Rxc4 Kxc4 68. Ka4 Kc5 69. Ka5 Kc6 70. b4 Kc7 71. Ka6 Kc6 72. b5+ 1-0

[Event "Chioggia op 1st"]
[Site "Chioggia"]
[Date "2006.02.05"]
[Round "5"]
[White "Boscolo, Ampelio"]
[Black "Mosca, Giulia"]
[Result "1/2-1/2"]
[WhiteElo "1760"]
[BlackElo "1530"]
[PlyCount "52"]
[EventDate "2006.01.28"]
[EventType "swiss"]
[EventRounds "6"]
[EventCountry "ITA"]
[SourceTitle "EXT 2022"]
[Source "ChessBase"]
[SourceDate "2021.10.06"]
[SourceVersion "1"]
[SourceVersionDate "2021.10.06"]
[SourceQuality "1"]

1. d4 d5 2. Nf3 Nf6 3. Bf4 e6 4. Nbd2 c5 5. c3 Nc6 6. e3 b6 7. Bb5 Bd7 8. Qe2 Be7 9. e4 dxe4 10. Nxe4 Nxe4 11. Qxe4 Rc8 12. Ba6 0-0 13. Bxc8 Qxc8 14. 0-0 Rd8 15. Rfe1 h6 16. h3 Qa6 17. g4 Qb5 18. b3 cxd4 19. cxd4 Qb4 20. Red1 Bf6 21. Ne5 Nxe5 22. Bxe5 Bh4 23. Bc7 Rc8 24. Qb7 Qc3 25. Kh2 Qxc7+ 26. Qxc7 Rxc7 1/2-1/2

[Event "Chioggia op 1st"]
[Site "Chioggia"]
[Date "2006.02.05"]
[Round "6"]
[White "Civitareale, Alberto"]
[Black "Mosca, Giulia"]
[Result "1-0"]
[WhiteElo "1706"]
[BlackElo "1530"]
[PlyCount "77"]
[EventDate "2006.01.28"]
[EventType "swiss"]
[EventRounds "6"]
[EventCountry "ITA"]
[SourceTitle "EXT 2022"]
[Source "ChessBase"]
[SourceDate "2021.10.06"]
[SourceVersion "1"]
[SourceVersionDate "2021.10.06"]
[SourceQuality "1"]

1. e4 c6 2. d4 d5 3. exd5 cxd5 4. Nc3 Nc6 5. h3 Nf6 6. Nf3 e6 7. Bd3 Qc7 8. 0-0 Bd7 9. Re1 a6 10. a3 Rc8 11. Bg5 Be7 12. Bxf6 Bxf6 13. Nxd5 Qd8 14. Nxf6+ Qxf6 15. c3 0-0 16. Qc2 h6 17. Ne5 Rfd8 18. Nxd7 Rxd7 19. Qe2 Ne7 20. Rad1 Ng6 21. g3 Rcd8 22. Bxg6 Qxg6 23. Qe4 Qh5 24. Kg2 Qb5 25. Rd2 Qg5 26. Red1 Qb5 27. Qd3 Qd5+ 28. f3 b5 29. Qe4 Qd6 30. f4 Qb6 31. f5 exf5 32. Qxf5 Qc6+ 33. Qf3 Qc4 34. Re1 Kf8 35. Rde2 Qc7 36. Qe4 Kg8 37. Kh2 Qa7 38. Qf5 Qc7 39. Re8+ 1-0

[Event "Chioggia op 1st"]
[Site "Chioggia"]
[Date "2006.01.29"]
[Round "2"]
[White "Mosca, Giulia"]
[Black "Boscolo, Marco Bacchetto"]
[Result "0-1"]
[WhiteElo "1530"]
[BlackElo "1758"]
[PlyCount "64"]
[EventDate "2006.01.28"]
[EventType "swiss"]
[EventRounds "6"]
[EventCountry "ITA"]
[SourceTitle "EXT 2022"]
[Source "ChessBase"]
[SourceDate "2021.10.06"]
[SourceVersion "1"]
[SourceVersionDate "2021.10.06"]
[SourceQuality "1"]

1. e4 g6 2. g3 Bg7 3. Bg2 c5 4. d3 Nc6 5. Nc3 a6 6. Be3 Nd4 7. Qd2 e6 8. f4 Ne7 9. Nf3 Rb8 10. 0-0 Nec6 11. a3 0-0 12. h3 b5 13. Kh2 d6 14. Rf2 b4 15. Nd1 bxa3 16. Rxa3 Nxf3+ 17. Bxf3 Bxb2 18. Nxb2 Rxb2 19. f5 Nd4 20. Qc3 Qb6 21. Bh6 Qb4 22. Bxf8 Kxf8 23. fxe6 Bxe6 24. Qxb4 Nxf3+ 25. Rxf3 Rxc2+ 26. Kg1 cxb4 27. Rxa6 b3 28. Rb6 b2 29. Rf2 Rc1+ 30. Rf1 Bxh3 31. Rb8+ Kg7 32. Rxb2 Bxf1 0-1

[Event "ITA-ch (Women)"]
[Site "Bratto"]
[Date "2005.08.23"]
[Round "4"]
[White "Mosca, Giulia"]
[Black "Costariol, Elena"]
[Result "1-0"]
[WhiteElo "1566"]
[BlackElo "1605"]
[PlyCount "115"]
[EventDate "2005.08.20"]
[EventType "swiss"]
[EventRounds "9"]
[EventCountry "ITA"]
[SourceTitle "CBM 108 Extra"]
[Source "ChessBase"]
[SourceDate "2005.11.04"]
[SourceVersion "1"]
[SourceVersionDate "2005.11.04"]
[SourceQuality "1"]

1. e4 c5 2. Nc3 Nc6 3. g3 g6 4. Bg2 Bg7 5. d3 d6 6. Be3 e5 7. Qd2 Nge7 8. Nge2 0-0 9. 0-0 a6 10. f4 b5 11. fxe5 Nxe5 12. Bh6 b4 13. Nd1 Qb6 14. Bxg7 Kxg7 15. Kh1 Bb7 16. Ne3 a5 17. b3 a4 18. Rfd1 Rfd8 19. Nf4 a3 20. c3 Rac8 21. cxb4 cxb4 22. d4 Nd7 23. Nc4 Qc7 24. Qxb4 Nf6 25. d5 Ba6 26. Rac1 Qb8 27. Qxb8 Rxb8 28. Nxa3 Ng4 29. Rd2 Ne5 30. Rdc2 Ra8 31. Nb1 Nd3 32. Nxd3 Bxd3 33. Rd2 Bxb1 34. Rxb1 Rac8 35. Bf1 f5 36. exf5 Nxf5 37. Bh3 Rf8 38. Rf1 Rc5 39. Bxf5 gxf5 40. Kg2 Kg6 41. Re1 Kf7 42. Kf3 Rd8 43. Kf4 Kg6 44. Re6+ Kf7 45. Kxf5 Rc1 46. a4 Rc3 47. b4 Rc4 48. Re4 Rdc8 49. Rdd4 Rc2 50. h4 Rf2+ 51. Rf4 Re2 52. Kg5+ Kg7 53. Rfe4 Rg2 54. Kg4 Rc3 55. Kf5 Rcxg3 56. Rg4+ Rxg4 57. Rxg4+ Rxg4 58. Kxg4 1-0

[Event "ITA-ch (Women)"]
[Site "Bratto"]
[Date "2005.08.21"]
[Round "2"]
[White "Mosca, Giulia"]
[Black "Santurbano, Maria Vincenza"]
[Result "0-1"]
[WhiteElo "1566"]
[BlackElo "2001"]
[PlyCount "72"]
[EventDate "2005.08.20"]
[EventType "swiss"]
[EventRounds "9"]
[EventCountry "ITA"]
[SourceTitle "CBM 108 Extra"]
[Source "ChessBase"]
[SourceDate "2005.11.04"]
[SourceVersion "1"]
[SourceVersionDate "2005.11.04"]
[SourceQuality "1"]

1. d4 Nf6 2. Nf3 d6 3. Nbd2 Nbd7 4. e4 e5 5. c3 Be7 6. Bd3 c6 7. 0-0 0-0 8. Qc2 Nh5 9. Re1 Nf4 10. Bf1 Qc7 11. dxe5 dxe5 12. b4 Rd8 13. a3 Nf8 14. Nc4 N8g6 15. h3 b5 16. Nb2 c5 17. Bxb5 cxb4 18. axb4 Bxb4 19. Bc4 Be7 20. Be3 Be6 21. Bxe6 Nxe6 22. Red1 Rxd1+ 23. Rxd1 Rc8 24. Ra1 Bc5 25. Bxc5 Qxc5 26. Ne1 Nef4 27. Ned3 Qe7 28. Nxf4 Nxf4 29. Kh1 Qg5 30. g3 Nxh3 31. Rxa7 Qg4 32. Kh2 Ng5 33. Kg1 h5 34. Kf1 Qf3 35. Qd1 Nxe4 36. Qe1 Nxg3+ 0-1

[Event "ITA-ch (Women)"]
[Site "Bratto"]
[Date "2005.08.20"]
[Round "1"]
[White "Tonel, Giulia"]
[Black "Mosca, Giulia"]
[Result "0-1"]
[WhiteElo "1793"]
[BlackElo "1566"]
[PlyCount "50"]
[EventDate "2005.08.20"]
[EventType "swiss"]
[EventRounds "9"]
[EventCountry "ITA"]
[SourceTitle "CBM 108 Extra"]
[Source "ChessBase"]
[SourceDate "2005.11.04"]
[SourceVersion "1"]
[SourceVersionDate "2005.11.04"]
[SourceQuality "1"]

1. e4 c6 2. d4 d5 3. Nd2 dxe4 4. Nxe4 Nd7 5. Nf3 Ngf6 6. Nxf6+ Nxf6 7. Be2 g6 8. 0-0 Bg7 9. Re1 0-0 10. c3 Be6 11. Bf4 Qb6 12. Qc2 Rfe8 13. b3 Rad8 14. Rad1 Nd5 15. Bg3 c5 16. Bc4 Bg4 17. Qe4 Nf6 18. Qe3 Bxf3 19. gxf3 cxd4 20. cxd4 e6 21. Rd2 Nd5 22. Bxd5 Rxd5 23. Red1 Red8 24. Be5 Bxe5 25. dxe5 Qxe3 0-1

[Event "Alta Padovana op-B 5th"]
[Site "Loreggia"]
[Date "2005.02.26"]
[Round "2"]
[White "Mosca, Giulia"]
[Black "Gerundino, Nicola"]
[Result "0-1"]
[WhiteElo "1587"]
[BlackElo "1826"]
[PlyCount "54"]
[EventDate "2005.02.25"]
[EventType "swiss"]
[EventRounds "5"]
[EventCountry "ITA"]
[SourceTitle "EXT 2024"]
[Source "ChessBase"]
[SourceDate "2023.10.10"]
[SourceVersion "1"]
[SourceVersionDate "2023.10.10"]
[SourceQuality "1"]

1. e4 c5 2. Nc3 Nc6 3. g3 g6 4. Bg2 Bg7 5. d3 e6 6. Be3 Nd4 7. Qd2 Rb8 8. Nge2 Ne7 9. 0-0 b5 10. Nd1 Nec6 11. c3 Nxe2+ 12. Qxe2 d6 13. f4 Bb7 14. Bd2 0-0 15. f5 exf5 16. exf5 Re8 17. Qf2 Ne5 18. fxg6 fxg6 19. Bxb7 Rxb7 20. d4 Rf7 21. Qg2 Rxf1+ 22. Qxf1 cxd4 23. cxd4 Rf8 24. Qe2 Nf3+ 25. Kg2 Qa8 26. Qe6+ Kh8 27. Qxd6 Nxd2+ 0-1

[Event "Alta Padovana op-B 5th"]
[Site "Loreggia"]
[Date "2005.02.25"]
[Round "1"]
[White "Favero, Graziano"]
[Black "Mosca, Giulia"]
[Result "1-0"]
[WhiteElo "1751"]
[BlackElo "1587"]
[PlyCount "55"]
[EventDate "2005.02.25"]
[EventType "swiss"]
[EventRounds "5"]
[EventCountry "ITA"]
[SourceTitle "EXT 2024"]
[Source "ChessBase"]
[SourceDate "2023.10.10"]
[SourceVersion "1"]
[SourceVersionDate "2023.10.10"]
[SourceQuality "1"]

1. e4 c6 2. d4 d5 3. exd5 cxd5 4. c4 Nf6 5. Nc3 Nc6 6. Bg5 e6 7. Nf3 Be7 8. c5 0-0 9. Bb5 Ne4 10. Bxe7 Nxe7 11. Bd3 f5 12. Ne5 Qa5 13. Qc2 Qb4 14. Nf3 Nc6 15. a3 Qa5 16. 0-0 Bd7 17. b4 Qc7 18. Rfb1 Rac8 19. a4 Rfe8 20. a5 b6 21. axb6 axb6 22. b5 Ne7 23. Ne5 Nf6 24. c6 Bxc6 25. bxc6 Nxc6 26. Nb5 Qb7 27. Nd6 Nxd4 28. Qb2 1-0

[Event "ITA-ch (Women)"]
[Site "Porto San Giorgio"]
[Date "2004.08.28"]
[Round "9"]
[White "Borsato, Chiara"]
[Black "Mosca, Giulia"]
[Result "1-0"]
[WhiteElo "1658"]
[BlackElo "1527"]
[PlyCount "115"]
[EventDate "2004.08.20"]
[EventType "swiss"]
[EventRounds "9"]
[EventCountry "ITA"]
[SourceTitle "EXT 2005"]
[Source "ChessBase"]
[SourceDate "2004.11.15"]
[SourceVersion "1"]
[SourceVersionDate "2004.11.15"]
[SourceQuality "1"]

1. e4 c6 2. d4 d5 3. exd5 cxd5 4. Nf3 Bg4 5. Be2 Nc6 6. c3 e6 7. Bf4 Bd6 8. Bxd6 Qxd6 9. Nbd2 Nf6 10. Qc2 Rb8 11. 0-0 0-0 12. Rfe1 Rfc8 13. a3 a5 14. Bd3 Bxf3 15. Nxf3 b5 16. Ne5 Qc7 17. Rac1 Qb7 18. Qe2 Qb6 19. b4 a4 20. Ng4 Nxg4 21. Qxg4 h6 22. Rc2 Rb7 23. Rxe6 Kf8 24. Rxh6 gxh6 25. Qxc8+ Kg7 26. Qf5 Ne7 27. Qg4+ Kf8 28. h3 Rc7 29. Qe2 Rb7 30. Qe5 f6 31. Qh5 Kg7 32. Qg4+ Kf7 33. Re2 Qc6 34. Rc2 Qb6 35. h4 Qc6 36. h5 Kf8 37. Bg6 Rb6 38. Qe2 Rb7 39. f4 Qd7 40. g4 Rb6 41. Qf3 Kg7 42. f5 Qc7 43. Re2 Qd7 44. Re3 Rc6 45. Qe2 Rc7 46. Re6 Rb7 47. Qe3 Qd8 48. Ra6 Qc8 49. Qe6 Qxe6 50. Rxe6 Rc7 51. Kf2 Nc8 52. Be8 Na7 53. Rd6 Kf8 54. Rxf6+ Kxe8 55. Rxh6 Rg7 56. Kf3 Kf7 57. Rd6 Nc8 58. Rxd5 1-0

[Event "ITA-ch (Women)"]
[Site "Porto San Giorgio"]
[Date "2004.08.26"]
[Round "7"]
[White "Reginato, Sabrina"]
[Black "Mosca, Giulia"]
[Result "1/2-1/2"]
[WhiteElo "1553"]
[BlackElo "1527"]
[PlyCount "48"]
[EventDate "2004.08.20"]
[EventType "swiss"]
[EventRounds "9"]
[EventCountry "ITA"]
[SourceTitle "EXT 2005"]
[Source "ChessBase"]
[SourceDate "2004.11.15"]
[SourceVersion "1"]
[SourceVersionDate "2004.11.15"]
[SourceQuality "1"]

1. e4 c6 2. d4 d5 3. exd5 cxd5 4. Bd3 Nc6 5. c3 Nf6 6. Bf4 g6 7. Nf3 Bg7 8. h3 Bf5 9. Bxf5 gxf5 10. Nbd2 e6 11. 0-0 0-0 12. Re1 Kh8 13. b4 a6 14. a4 b5 15. a5 Ne4 16. Nxe4 fxe4 17. Nd2 Qf6 18. Be3 Rg8 19. f3 Qg6 20. Qe2 exf3 21. Nxf3 Ne7 22. Bf4 Nc6 23. Rac1 Rac8 24. Nd2 Bh6 1/2-1/2

[Event "ITA-ch (Women)"]
[Site "Porto San Giorgio"]
[Date "2004.08.24"]
[Round "5"]
[White "Mosca, Giulia"]
[Black "Negri, Ornella"]
[Result "1/2-1/2"]
[WhiteElo "1527"]
[BlackElo "1700"]
[PlyCount "102"]
[EventDate "2004.08.20"]
[EventType "swiss"]
[EventRounds "9"]
[EventCountry "ITA"]
[SourceTitle "EXT 2005"]
[Source "ChessBase"]
[SourceDate "2004.11.15"]
[SourceVersion "1"]
[SourceVersionDate "2004.11.15"]
[SourceQuality "1"]

1. e4 d5 2. exd5 Qxd5 3. Nc3 Qd6 4. Nf3 Nf6 5. d4 e6 6. Bc4 a6 7. 0-0 b5 8. Bb3 Be7 9. Be3 Bb7 10. Qe2 0-0 11. h3 b4 12. Na4 Qd8 13. Nc5 Bxc5 14. dxc5 Bc6 15. Nd4 Bb7 16. Rfd1 Qe7 17. f3 a5 18. a3 bxa3 19. Rxa3 c6 20. Qf2 Rd8 21. Raa1 Nd5 22. Bxd5 cxd5 23. c3 Nc6 24. Nxc6 Bxc6 25. b4 axb4 26. cxb4 Rxa1 27. Rxa1 Qb7 28. Qb2 f6 29. Ra5 Ra8 30. Qa3 Rxa5 31. Qxa5 e5 32. Bd2 e4 33. fxe4 dxe4 34. g4 Qd7 35. Qa2+ Qd5 36. Qxd5+ Bxd5 37. Kf2 Kf7 38. Ke3 Ke6 39. Kd4 g6 40. b5 f5 41. gxf5+ gxf5 42. c6 Kd6 43. c7 Bb7 44. Bf4+ Ke6 45. Kc5 Kd7 46. Kb6 Kc8 47. Kc5 e3 48. Bxe3 Kxc7 49. Bf4+ Kc8 50. Kd6 Bg2 51. h4 Kb7 1/2-1/2

[Event "ITA-ch (Women)"]
[Site "Porto San Giorgio"]
[Date "2004.08.21"]
[Round "2"]
[White "Mosca, Giulia"]
[Black "Cassinera, Chiara"]
[Result "1/2-1/2"]
[WhiteElo "1527"]
[BlackElo "1619"]
[PlyCount "59"]
[EventDate "2004.08.20"]
[EventType "swiss"]
[EventRounds "9"]
[EventCountry "ITA"]
[SourceTitle "EXT 2005"]
[Source "ChessBase"]
[SourceDate "2004.11.15"]
[SourceVersion "1"]
[SourceVersionDate "2004.11.15"]
[SourceQuality "1"]

1. e4 c5 2. Nc3 g6 3. g3 Bg7 4. Bg2 Nc6 5. d3 d6 6. Be3 Nf6 7. h3 0-0 8. Qd2 Re8 9. Nge2 Rb8 10. 0-0 e5 11. f4 exf4 12. Nxf4 a6 13. Rf2 Be6 14. Raf1 Rf8 15. Nxe6 fxe6 16. Bg5 Qe7 17. Qf4 Ne5 18. Qd2 Nc6 19. h4 Rf7 20. Nd1 Rbf8 21. c3 Qd7 22. Bh6 Ng4 23. Rxf7 Rxf7 24. Bxg7 Rxf1+ 25. Bxf1 Kxg7 26. Bh3 Nf6 27. Nf2 Qf7 28. Qe3 b5 29. d4 cxd4 30. cxd4 1/2-1/2